គន្លឺះ និងវិធីសាស្រ្តដោះស្រាយលំហាត់លីមីត / (Record no. 6674)

MARC details
000 -LEADER
fixed length control field 02011nam a22002537a 4500
001 - CONTROL NUMBER
control field 6674
003 - CONTROL NUMBER IDENTIFIER
control field FISKH
005 - DATE AND TIME OF LATEST TRANSACTION
control field 20250520104926.0
008 - FIXED-LENGTH DATA ELEMENTS--GENERAL INFORMATION
fixed length control field 250520b cb ||||| |||| 00| 0 eng d
040 ## - CATALOGING SOURCE
Original cataloging agency FISKH
Language of cataloging khr
Transcribing agency FISKH
Modifying agency FISKH
082 ## - DEWEY DECIMAL CLASSIFICATION NUMBER
Classification number 510
100 ## - MAIN ENTRY--PERSONAL NAME
Personal name Sopheak, Uy
245 ## - TITLE STATEMENT
Title គន្លឺះ និងវិធីសាស្រ្តដោះស្រាយលំហាត់លីមីត /
Statement of responsibility, etc. រៀបរៀងដោយ សាស្រា្តចារ្យ អ៊ុយ សុភ:
260 ## - PUBLICATION, DISTRIBUTION, ETC.
Place of publication, distribution, etc. ភ្នំពេញ :
Name of publisher, distributor, etc. បណ្ណាគារ បាក់ទូក III ,
Date of publication, distribution, etc. 2012 .
300 ## - PHYSICAL DESCRIPTION
Extent 187 pages :
Other physical details color illustrations ;
Dimensions 15 cm .
520 ## - SUMMARY, ETC.
Summary, etc. សៀវភៅមួយក្បាលនេះរួមមាន គន្លឺះដោះស្រាយលំហាត់លីមីតគ្រប់ល្បិច , គំរូលំហាត់និងដំណោះស្រាយគន្លឺះ និងស្រង់លំហាត់ធ្លាប់ប្រលងគ្រប់ជំនាន់ សម្រាប់ប្រលងសញ្ញាប័ត្រមធ្យមសិក្សាទុតិយភូមិ និងសិស្សពូកែ, ប្រលងក្របខ័ណ្ឌគ្រូបង្រៀន​និងប្រលងប្រជែងអាហាររូបករណ៏ទូទៅ ។​
520 ## - SUMMARY, ETC.
Summary, etc. "This book includes comprehensive solution strategies for all types of limit problems, sample exercises with key solutions, and a collection of past exam questions from all generations. It is designed to support students preparing for the high school diploma exam, outstanding student competitions, teacher recruitment exams, and general scholarship examinations."
650 ## - SUBJECT ADDED ENTRY--TOPICAL TERM
Topical term or geographic name entry element លីមីត​
Form subdivision គណិតវិទ្យា​
650 ## - SUBJECT ADDED ENTRY--TOPICAL TERM
Topical term or geographic name entry element Limit
Form subdivision Mathematics
700 ## - ADDED ENTRY--PERSONAL NAME
Personal name Mengleang, Lim
Relator term Illustrator
700 ## - ADDED ENTRY--PERSONAL NAME
Dates associated with a name Sotheary, Heng
Relator term Illustrator
942 ## - ADDED ENTRY ELEMENTS (KOHA)
Source of classification or shelving scheme Dewey Decimal Classification
Koha item type Khmer Books
Suppress in OPAC No
Holdings
Withdrawn status Lost status Source of classification or shelving scheme Damaged status Not for loan Collection Home library Current library Shelving location Date acquired Total Checkouts Full call number Barcode Date last seen Price effective from Koha item type
    Dewey Decimal Classification     Khmer Language Books / សៀវភៅភាសាខ្មែរ Footprints International School Library Network Toul Tom Poung Campus Footprints International School Library Network Toul Tom Poung Campus TTP Secondary Khmer Bookshelves 05/20/2025   SOP 510 2025-1336 05/20/2025 05/20/2025 Khmer Books